[Event "Tournoi francophone 005 Groupe F"]
[Site "Skype"]
[Date "????.??.??"]
[Round "1.1"]
[White "Bacha, Mehdi"]
[Black "Martin, Elise"]
[Result "1-0"]
[WhiteElo "1030"]
[BlackElo "1038"]
[PlyCount "63"]

1. d4 d5 2. e3 Bf5 3. f4 e6 4. Nf3 Nf6 5. Be2 Nc6 6. O-O h6 7. Ne5 Bd6 8. Nxc6
bxc6 9. Ba6 O-O 10. Bb7 Rb8 11. Bxc6 Kh8 12. Nc3 Rxb2 13. Bxb2 Ng4 14. e4 dxe4
15. Bxe4 Bxe4 16. Qxg4 Bf5 17. Qe2 Qf6 18. d5 Be7 19. Rab1 Qh4 20. Rf3 Bh3 21.
Rxh3 Qxf4 22. Ne4 Bg5 23. Nxg5 Qxg5 24. Be5 f6 25. Bxc7 Rf7 26. d6 Rxc7 27.
dxc7 f5 28. c8=Q+ Kh7 29. Qd3 Kg6 30. Qxe6+ Kh7 31. Rf3 h5 32. Qdxf5+ 1-0

[Event "Tournoi francophone 005 Groupe F"]
[Site "Skype"]
[Date "????.??.??"]
[Round "1.2"]
[White "Schnell, Nicolas"]
[Black "Ambrosino, Theo"]
[Result "0-1"]
[WhiteElo "1000"]
[BlackElo "1151"]
[PlyCount "60"]

1. e3 e5 2. Nc3 Nc6 3. Bd3 d6 4. Nf3 Nh6 5. O-O Be7 6. Bb5 O-O 7. Qe2 Nb4 8.
Qc4 d5 9. Nxd5 Nxd5 10. Qe4 f6 11. Bd3 Bf5 12. Qh4 Bxd3 13. cxd3 f5 14. Ng5
Bxg5 15. Qh5 f4 16. Qe2 fxe3 17. dxe3 Nb4 18. Bd2 Nxd3 19. f4 exf4 20. exf4
Nxf4 21. Qe5 Qxd2 22. Rf2 Rae8 23. Rxd2 Rxe5 24. g3 Ne2+ 25. Kh1 Bxd2 26. Rd1
Bg5 27. h4 Nxg3+ 28. Kg2 Bxh4 29. Rh1 Re2+ 30. Kh3 Rf3 0-1

[Event "Tournoi francophone 005 Groupe F"]
[Site "Skype"]
[Date "????.??.??"]
[Round "1.3"]
[White "Morin, Claude"]
[Black "Gagnon, Sindy"]
[Result "1-0"]
[WhiteElo "1012"]
[BlackElo "1000"]
[PlyCount "39"]

1. e4 Nf6 2. d3 Nc6 3. e5 Nxe5 4. Bf4 d6 5. d4 Nfd7 6. Qe2 Ng6 7. Bg3 e5 8. d5
Nf6 9. Nc3 Be7 10. O-O-O O-O 11. Nf3 c5 12. Bxe5 dxe5 13. Nxe5 Nxe5 14. Qxe5
Bg4 15. Be2 Be6 16. dxe6 Qa5 17. exf7+ Kxf7 18. Bc4+ Ke8 19. Rhe1 Nd7 20. Qxe7#
1-0

[Event "Tournoi francophone 005 Groupe F"]
[Site "Skype"]
[Date "????.??.??"]
[Round "1.4"]
[White "Lecluyse, Koenraad"]
[Black "Scata, Laura"]
[Result "1-0"]
[WhiteElo "1208"]
[BlackElo "1058"]
[PlyCount "63"]

1. d4 d5 2. Nf3 Nf6 3. Bf4 Bf5 4. e3 Bg4 5. Be2 e6 6. O-O Be7 7. Nbd2 Nbd7 8.
c3 c6 9. h3 Bh5 10. Re1 Qb6 11. Qc2 O-O-O 12. a4 h6 13. b4 g5 14. Be5 Nxe5 15.
a5 Qc7 16. Nxe5 Bd6 17. Bxh5 Nxh5 18. e4 Bxe5 19. dxe5 Qxe5 20. Nf3 Qg7 21.
exd5 Rxd5 22. c4 Rd7 23. Ne5 Rdd8 24. Qe2 Nf4 25. Qe3 h5 26. Qxa7 g4 27. h4 g3
28. f3 Rd2 29. Kf1 Nxg2 30. Rad1 Rc2 31. Qa8+ Kc7 32. Rd7# 1-0

[Event "Tournoi francophone 005 Groupe F"]
[Site "Skype"]
[Date "????.??.??"]
[Round "1.5"]
[White "Mimouni, Driss"]
[Black "Lequeux, Pierre"]
[Result "0-1"]
[WhiteElo "1000"]
[BlackElo "1180"]
[PlyCount "90"]

1. e4 e5 2. Bc4 d6 3. Nf3 h6 4. d3 Nf6 5. h3 Be7 6. Nc3 O-O 7. O-O Nc6 8. Nd5
Nxd5 9. exd5 Nb8 10. Be3 Bd7 11. a4 c6 12. d4 cxd5 13. dxe5 dxc4 14. exd6 Bf6
15. Bd4 Bc6 16. Bxf6 Qxf6 17. Ra3 Rd8 18. Qd4 Rxd6 19. Qxf6 gxf6 20. Re3 Re6
21. Nd4 Rxe3 22. fxe3 Nd7 23. Nf5 Bxa4 24. Nxh6+ Kg7 25. Ng4 Bxc2 26. Rf4 b5
27. h4 f5 28. Rd4 Rd8 29. Nf2 a5 30. h5 a4 31. Rh4 Kh6 32. g4 fxg4 33. Nxg4+
Kg5 34. Kf2 Kxh4 35. Nh6 f6 36. Nf7 Rf8 37. Nd6 Rb8 38. h6 Rb6 39. Nf7 Ne5 40.
Nxe5 fxe5 41. Kf3 Rxh6 42. e4 c3 43. bxc3 a3 44. Ke3 a2 45. Kd2 Bxe4 0-1

[Event "Tournoi francophone 005 Groupe F"]
[Site "Skype"]
[Date "????.??.??"]
[Round "1.6"]
[White "Talbot, Jean"]
[Black "Douichi, Mohammed"]
[Result "0-1"]
[WhiteElo "1073"]
[BlackElo "1192"]
[PlyCount "58"]

1. e4 e5 2. Nf3 Nc6 3. Bc4 Nf6 4. d3 d5 5. exd5 Nxd5 6. O-O Be6 7. Re1 Bd6 8.
Nc3 Nxc3 9. bxc3 Bxc4 10. dxc4 O-O 11. c5 Bxc5 12. Nxe5 Qxd1 13. Rxd1 Nxe5 14.
Rd5 Bd6 15. Bf4 Rfe8 16. Re1 f6 17. h3 c6 18. Rxd6 Nf3+ 19. gxf3 Rxe1+ 20. Kg2
Re2 21. Rd2 b6 22. Kf1 Rxd2 23. Bxd2 Re8 24. a4 a5 25. c4 c5 26. Be3 Kf7 27.
Kg2 Rd8 28. f4 Rd1 29. h4 Ra1 0-1

[Event "Tournoi francophone 005 Groupe F"]
[Site "Skype"]
[Date "????.??.??"]
[Round "2.1"]
[White "Martin, Elise"]
[Black "Douichi, Mohammed"]
[Result "0-1"]
[WhiteElo "1038"]
[BlackElo "1192"]
[PlyCount "118"]

1. e4 e5 2. Nf3 Nc6 3. Nc3 Bc5 4. Bc4 Nf6 5. O-O O-O 6. d3 Ng4 7. h3 Nxf2 8.
Rxf2 Bxf2+ 9. Kxf2 d6 10. d4 Nxd4 11. Nxd4 Qh4+ 12. Kg1 exd4 13. Qxd4 Qg3 14.
b3 Qe1+ 15. Kh2 a6 16. Bb2 Qh4 17. Ne2 Qh6 18. Ng3 c5 19. Qc3 Be6 20. Bxe6 fxe6
21. Re1 e5 22. Nf5 Qf4+ 23. Kh1 Rf6 24. Ne7+ Kf7 25. Nd5 Qg5 26. Nc7 Rf8 27.
Qc4+ Kg6 28. Nd5 Rf2 29. Rg1 Rf1 30. Rxf1 Rxf1+ 31. Kh2 Rf2 32. Ne3 Qxe3 33.
Qe6+ Rf6 34. Qe8+ Rf7 35. Qc6 Qd2 36. Qb6 h5 37. Bxe5 Rd7 38. a4 Qb4 39. Qxb4
cxb4 40. Bg3 a5 41. c4 bxc3 42. Be1 c2 43. Bd2 Kf6 44. g4 hxg4 45. hxg4 Ke5 46.
Kh3 g5 47. Bc3+ Kxe4 48. Bd2 Kd3 49. Bxg5 Rf7 50. Kh4 Kc3 51. Bh6 Kxb3 52. g5
c1=Q 53. Kh5 Rf5 54. Kg6 Qb1 55. Kg7 Qe4 56. g6 Qe7+ 57. Kg8 Qe6+ 58. Kh7 Rf6
59. g7 Rxh6# 0-1

[Event "Tournoi francophone 005 Groupe F"]
[Site "Skype"]
[Date "????.??.??"]
[Round "2.2"]
[White "Lequeux, Pierre"]
[Black "Talbot, Jean"]
[Result "1-0"]
[WhiteElo "1180"]
[BlackElo "1073"]
[PlyCount "71"]

1. e4 e5 2. Nf3 Nc6 3. Nc3 Nf6 4. a3 Bc5 5. h3 O-O 6. Na4 d6 7. Nxc5 dxc5 8. d3
Re8 9. Bg5 h6 10. Bh4 Nd4 11. c3 Nxf3+ 12. Qxf3 Re6 13. Rd1 g5 14. Bg3 b5 15.
c4 a6 16. Qf5 Rb8 17. Bxe5 bxc4 18. Bxf6 Rxf6 19. Qxc5 Rxb2 20. Qxc4 Bb7 21.
Be2 Kg7 22. O-O Kg6 23. Rb1 Rfb6 24. Rxb2 Rxb2 25. Bf3 f5 26. exf5+ Kxf5 27.
Qc3 Bxf3 28. Qxb2 Bh5 29. g4+ Bxg4 30. hxg4+ Kxg4 31. Qe2+ Kh3 32. Qf3+ Kh4 33.
Kg2 g4 34. Qg3+ Kh5 35. Rh1+ Kg5 36. Qh4+ 1-0

[Event "Tournoi francophone 005 Groupe F"]
[Site "Skype"]
[Date "????.??.??"]
[Round "2.3"]
[White "Scata, Laura"]
[Black "Mimouni, Driss"]
[Result "1-0"]
[WhiteElo "1058"]
[BlackElo "1000"]
[PlyCount "63"]

1. e4 e5 2. Nf3 Nf6 3. d3 Nc6 4. Bg5 h6 5. Bh4 Be7 6. Bg3 Bb4+ 7. Nbd2 d6 8. c3
Bc5 9. Qa4 Ng4 10. h3 Bxf2+ 11. Bxf2 Nf6 12. d4 exd4 13. cxd4 d5 14. Ne5 O-O
15. Nxc6 bxc6 16. Qxc6 Bb7 17. Qxb7 Rb8 18. Qxa7 Rxb2 19. Be3 Nxe4 20. Bd3 Qb8
21. Qxb8 Rfxb8 22. O-O Nxd2 23. Rfd1 Rb1 24. Bxd2 Rxd1+ 25. Rxd1 c6 26. Rc1 Rb2
27. Rxc6 Rb1+ 28. Kf2 Rb8 29. Bf4 Rb2+ 30. Kf3 g5 31. Be5 Rxa2 32. Rc8# 1-0

[Event "Tournoi francophone 005 Groupe F"]
[Site "Skype"]
[Date "????.??.??"]
[Round "2.4"]
[White "Gagnon, Sindy"]
[Black "Lecluyse, Koenraad"]
[Result "0-1"]
[WhiteElo "1000"]
[BlackElo "1208"]
[PlyCount "56"]

1. e4 e6 2. Nf3 Be7 3. d4 d5 4. Nc3 c5 5. Be3 Nc6 6. Bb5 a6 7. Ba4 b5 8. Bb3 c4
9. exd5 exd5 10. O-O h6 11. Ne2 cxb3 12. cxb3 Nf6 13. a3 Bg4 14. Nh4 Ne4 15.
Re1 Bxh4 16. Qd3 Bxf2+ 17. Kf1 Bxe1 18. Kxe1 Qh4+ 19. g3 Qxh2 20. Bg1 Qg2 21.
Kd1 Bxe2+ 22. Qxe2 Qxg1+ 23. Qe1 Qxd4+ 24. Kc2 O-O 25. b4 Rac8 26. b3 Ne5+ 27.
Kb1 Nd2+ 28. Ka2 Rc2# 0-1

[Event "Tournoi francophone 005 Groupe F"]
[Site "Skype"]
[Date "????.??.??"]
[Round "2.5"]
[White "Ambrosino, Theo"]
[Black "Morin, Claude"]
[Result "1-0"]
[WhiteElo "1151"]
[BlackElo "1012"]
[PlyCount "101"]

1. e4 e5 2. Nf3 d6 3. Bc4 Bg4 4. h3 Be6 5. Bxe6 fxe6 6. Nc3 c6 7. d3 Nd7 8. Ng5
Be7 9. Nxe6 Qb6 10. Be3 Qxb2 11. Nc7+ Kf7 12. Nxa8 Qxc3+ 13. Bd2 Qd4 14. O-O
Ngf6 15. Nc7 Qb6 16. Be3 Qxc7 17. Bxa7 b6 18. Bxb6 Qxb6 19. c4 d5 20. Rb1 Qa7
21. a4 Bc5 22. exd5 cxd5 23. Ra1 e4 24. a5 Re8 25. cxd5 Ne5 26. dxe4 Nxe4 27.
Qe1 Nxf2 28. Rxf2+ Bxf2+ 29. Qxf2+ Qxf2+ 30. Kxf2 Nd3+ 31. Kg1 Re5 32. a6 Re1+
33. Rxe1 Nxe1 34. a7 g5 35. a8=Q h5 36. d6 Ke6 37. Qe4+ Kxd6 38. Qxe1 g4 39.
Qh4 gxh3 40. Qxh3 Kd5 41. Qxh5+ Kd4 42. g4 Ke4 43. g5 Ke5 44. g6+ Kf6 45. Qh7
Kg5 46. g7 Kf6 47. g8=R Ke5 48. Rg5+ Ke6 49. Qh6+ Kd7 50. Rg7+ Kd8 51. Qh8# 1-0

[Event "Tournoi francophone 005 Groupe F"]
[Site "Skype"]
[Date "????.??.??"]
[Round "2.6"]
[White "Bacha, Mehdi"]
[Black "Schnell, Nicolas"]
[Result "1-0"]
[WhiteElo "1030"]
[BlackElo "1000"]
[PlyCount "91"]

1. d4 Nf6 2. f4 Ne4 3. e3 e6 4. Bd3 Nd6 5. Nf3 Qf6 6. O-O e5 7. Nxe5 g5 8. c3
Qh6 9. Rf3 b5 10. fxg5 Qxg5 11. Rh3 Bg7 12. Be4 Nc6 13. Rg3 Qh6 14. Bd5 Bf6 15.
e4 Bb7 16. Bxh6 Rb8 17. Bg5 Bg7 18. Na3 a6 19. Bf4 Rf8 20. Rxg7 Bc8 21. Rxh7
Rg8 22. Bg3 Bb7 23. Rh4 Ke7 24. Rh3 Rbf8 25. Bh4+ f6 26. Qe2 Nxd4 27. cxd4 Rh8
28. Rf1 Ke8 29. Ng6 Rhg8 30. Nxf8 Rxf8 31. Qh5+ Nf7 32. Bxb7 c6 33. Bxa6 b4 34.
Nc4 Rg8 35. Nd6+ Kd8 36. Qxf7 Rg4 37. Qf8+ Kc7 38. Qxf6 Kb6 39. Be2 Rg8 40. Qf7
Ra8 41. a3 Ka5 42. axb4+ Kxb4 43. Be1+ Ka4 44. b3+ Ka3 45. Bd2 c5 46. Ra1+ 1-0

[Event "Tournoi francophone 005 Groupe F"]
[Site "Skype"]
[Date "????.??.??"]
[Round "3.1"]
[White "Schnell, Nicolas"]
[Black "Martin, Elise"]
[Result "1-0"]
[WhiteElo "1000"]
[BlackElo "1038"]
[PlyCount "81"]

1. e4 e5 2. Bb5 Nc6 3. Nf3 b6 4. Nc3 Bb7 5. Nd5 Nf6 6. Ne3 Nxe4 7. O-O Bc5 8.
Nc4 O-O 9. d3 Nf6 10. Bg5 d5 11. Ncd2 h6 12. Bh4 e4 13. Ne1 Re8 14. Qe2 Bd6 15.
c3 a6 16. d4 axb5 17. Qxb5 Ba6 18. Qa4 Bb7 19. Qb3 Na5 20. Qd1 c6 21. f3 Bc7
22. Rc1 Qd6 23. g3 c5 24. Ng2 cxd4 25. cxd4 Nc4 26. Nxc4 dxc4 27. f4 e3 28. Qe2
Qxd4 29. Rc2 Qd5 30. Nxe3 Qc6 31. Rf3 Rxa2 32. Rxc4 Ra1+ 33. Rf1 Qd7 34. Rxa1
b5 35. Rc5 Bd6 36. Rc2 Ne4 37. g4 Bxf4 38. Nf5 b4 39. Rd1 Qe7 40. Nxe7+ Rxe7
41. Bxe7 1-0

[Event "Tournoi francophone 005 Groupe F"]
[Site "Skype"]
[Date "????.??.??"]
[Round "3.2"]
[White "Morin, Claude"]
[Black "Bacha, Mehdi"]
[Result "0-1"]
[WhiteElo "1012"]
[BlackElo "1030"]
[PlyCount "102"]

1. e4 e6 2. d4 d5 3. e5 Ne7 4. c3 Nf5 5. Bf4 Qh4 6. Qf3 Nd7 7. Nd2 Nb6 8. O-O-O
Nc4 9. Nxc4 dxc4 10. Bxc4 Bd7 11. Bd3 Bc6 12. d5 Ba4 13. b3 Bd7 14. g4 Ba3+ 15.
Kb1 Qe7 16. gxf5 exf5 17. Qe3 Bc5 18. Qe2 O-O 19. Nf3 Rfe8 20. Bg5 Qf8 21. Bb5
Bxb5 22. Qxb5 Rab8 23. Qe2 a6 24. Bf4 h6 25. Nh4 g6 26. Nf3 b5 27. e6 fxe6 28.
dxe6 Qe7 29. Bxh6 Qxe6 30. Rde1 Qxe2 31. Rxe2 Rxe2 32. Rg1 Kf7 33. Ng5+ Kf6 34.
Nh7+ Ke6 35. Ng5+ Kd6 36. Nf7+ Ke6 37. Ng5+ Kd6 38. Nh3 Rh8 39. Rxg6+ Kd5 40.
Be3 Re1+ 41. Kb2 Re2+ 42. Kb1 Rxh3 43. Rg3 Rxh2 44. Rg5 Rh1+ 45. Rg1 Rxg1+ 46.
Bc1 Rxf2 47. b4 Bb6 48. a3 f4 49. c4+ Kxc4 50. a4 bxa4 51. Ka1 Rh2 0-1

[Event "Tournoi francophone 005 Groupe F"]
[Site "Skype"]
[Date "????.??.??"]
[Round "3.3"]
[White "Lecluyse, Koenraad"]
[Black "Ambrosino, Theo"]
[Result "0-1"]
[WhiteElo "1208"]
[BlackElo "1151"]
[PlyCount "54"]

1. d4 d5 2. Nf3 h6 3. Bf4 Bf5 4. e3 Nf6 5. Bd3 e6 6. O-O Bd6 7. Bg3 Bxg3 8.
hxg3 Nc6 9. c3 Na5 10. Nbd2 Bxd3 11. Re1 Nc4 12. b3 Na3 13. Rc1 Ne4 14. Nxe4
dxe4 15. Nh2 h5 16. b4 b5 17. Qb3 Nc4 18. Ra1 h4 19. g4 h3 20. g3 f5 21. gxf5
exf5 22. a4 a6 23. axb5 axb5 24. Rxa8 Qxa8 25. f4 exf3 26. Nxf3 Qxf3 27. Kh2
Qg2# 0-1

[Event "Tournoi francophone 005 Groupe F"]
[Site "Skype"]
[Date "????.??.??"]
[Round "3.4"]
[White "Mimouni, Driss"]
[Black "Gagnon, Sindy"]
[Result "1-0"]
[WhiteElo "1000"]
[BlackElo "1000"]
[PlyCount "51"]

1. e4 Nc6 2. Bc4 e6 3. Nf3 Nf6 4. e5 Nh5 5. d4 d6 6. Ng5 Qe7 7. Qxh5 g6 8. Qg4
dxe5 9. dxe5 Nxe5 10. Qe2 Bg7 11. f4 b6 12. fxe5 Bb7 13. Bxe6 fxe6 14. Nc3 Bxg2
15. Rg1 Bh3 16. Nxh3 Qb4 17. a3 Qh4+ 18. Rg3 Bf8 19. Ng5 Rd8 20. Nxe6 Rd7 21.
Bg5 b5 22. Bxh4 b4 23. axb4 Bxb4 24. Rxa7 Kf7 25. Ng5+ Ke7 26. e6 1-0

[Event "Tournoi francophone 005 Groupe F"]
[Site "Skype"]
[Date "????.??.??"]
[Round "3.5"]
[White "Talbot, Jean"]
[Black "Scata, Laura"]
[Result "1/2-1/2"]
[WhiteElo "1073"]
[BlackElo "1058"]
[PlyCount "44"]

1. e4 d5 2. e5 Bf5 3. d4 e6 4. Bd3 Ne7 5. Bg5 Nbc6 6. Bxf5 exf5 7. Nf3 h6 8.
Bxe7 Qxe7 9. O-O g6 10. h3 Bg7 11. Re1 O-O-O 12. Nc3 f6 13. exf6 Qxf6 14. Nb5
a6 15. Nc3 Nxd4 16. Nxd4 Qxd4 17. Qe2 Rhe8 18. Qxe8 Rxe8 19. Rxe8+ Kd7 20. Rae1
h5 21. R8e7+ Kc6 22. R1e6+ Kc5 1/2-1/2

[Event "Tournoi francophone 005 Groupe F"]
[Site "Skype"]
[Date "????.??.??"]
[Round "3.6"]
[White "Douichi, Mohammed"]
[Black "Lequeux, Pierre"]
[Result "1-0"]
[WhiteElo "1192"]
[BlackElo "1180"]
[PlyCount "37"]

1. e4 e5 2. Nf3 Nc6 3. Bc4 Na5 4. Nxe5 Nxc4 5. Nxc4 Nf6 6. e5 Nd5 7. d4 Bb4+ 8.
c3 Be7 9. O-O d6 10. Nbd2 b5 11. Na5 Bd7 12. Nf3 c6 13. Nb7 h6 14. Nxd8 Bxd8
15. exd6 O-O 16. Ne5 Be8 17. Qg4 f6 18. Bxh6 Kh7 19. Qxg7# 1-0

[Event "Tournoi francophone 005 Groupe F"]
[Site "Skype"]
[Date "????.??.??"]
[Round "4.1"]
[White "Martin, Elise"]
[Black "Lequeux, Pierre"]
[Result "0-1"]
[WhiteElo "1038"]
[BlackElo "1180"]
[PlyCount "80"]

1. e4 e5 2. Nf3 Nc6 3. Nc3 a6 4. d3 h6 5. Be2 Nf6 6. O-O Be7 7. Be3 O-O 8. d4
d6 9. d5 Nb8 10. Nh4 c6 11. dxc6 Nxc6 12. Qd3 Nd7 13. Bxh6 Bxh4 14. Qh3 gxh6
15. Qg4+ Bg5 16. h4 Nc5 17. Qh5 Bd2 18. Nd5 Be6 19. Rad1 Ba5 20. Ne3 Qf6 21.
Ng4 Qg6 22. Nxh6+ Kg7 23. Nf5+ Bxf5 24. Qxg6+ Bxg6 25. h5 Bxe4 26. Rxd6 f6 27.
Rfd1 Bxc2 28. R1d5 Ne4 29. Rd7+ Rf7 30. Rxf7+ Kxf7 31. h6 Kg6 32. Bf3 Ng5 33.
Bg4 Be4 34. Rd7 Kxh6 35. Rxb7 Nd8 36. Rd7 Bc6 37. Re7 Ba4 38. Re6 Ndxe6 39. f3
Rb8 40. Bxe6 Nxe6 0-1

[Event "Tournoi francophone 005 Groupe F"]
[Site "Skype"]
[Date "????.??.??"]
[Round "4.2"]
[White "Scata, Laura"]
[Black "Douichi, Mohammed"]
[Result "1-0"]
[WhiteElo "1058"]
[BlackElo "1192"]
[PlyCount "129"]

1. d4 d5 2. Bf4 Bf5 3. Nf3 e6 4. e3 Nc6 5. a3 a6 6. Nc3 Nf6 7. Be2 Be7 8. O-O
O-O 9. Ne5 Nxe5 10. Bxe5 Ng4 11. Bxg4 Bf6 12. Bxf6 Qxf6 13. Bxf5 Qxf5 14. Qd3
Qxd3 15. cxd3 c6 16. e4 dxe4 17. dxe4 Rfd8 18. Rad1 b5 19. d5 exd5 20. Rfe1 d4
21. Nb1 c5 22. b3 a5 23. f4 b4 24. a4 d3 25. Kf2 Rd4 26. Ke3 Re8 27. Rxd3
Rexe4+ 28. Kd2 Rxe1 29. Rxd4 Re8 30. Rc4 Rc8 31. Kd3 Rd8+ 32. Ke4 Re8+ 33. Kd5
Re2 34. Rxc5 g6 35. Rxa5 Rxg2 36. Rb5 Rxh2 37. a5 Rh5+ 38. Kc4 Rh4 39. Rxb4
Rxf4+ 40. Kc3 Rf3+ 41. Kc2 Rf2+ 42. Nd2 Rf6 43. Ra4 Rc6+ 44. Nc4 f5 45. a6 Rc8
46. a7 Ra8 47. Nb6 Rxa7 48. Rxa7 f4 49. Kd2 g5 50. Ra5 h6 51. Rf5 Kg7 52. Nd5
Kg6 53. Ne7+ Kh5 54. b4 Kg4 55. b5 f3 56. Ke1 Kg3 57. Kf1 g4 58. Rh5 Kf4 59. b6
g3 60. b7 g2+ 61. Kf2 Kg4 62. b8=Q Kxh5 63. Qe5+ Kg4 64. Qf5+ Kh4 65. Ng6# 1-0

[Event "Tournoi francophone 005 Groupe F"]
[Site "Skype"]
[Date "????.??.??"]
[Round "4.3"]
[White "Gagnon, Sindy"]
[Black "Talbot, Jean"]
[Result "1-0"]
[WhiteElo "1000"]
[BlackElo "1073"]
[PlyCount "47"]

1. e4 e5 2. Nf3 d6 3. Nc3 Nf6 4. d4 exd4 5. Nxd4 Be7 6. Bd3 O-O 7. Qf3 Bg4 8.
Qg3 Nc6 9. Nf5 Nb4 10. h3 Bxf5 11. exf5 Nxd3+ 12. cxd3 Nh5 13. Qh2 Re8 14. g4
Nf6 15. h4 Nxg4 16. Qg3 h5 17. b3 a6 18. Bb2 b5 19. Ne2 Qd7 20. Nf4 Qxf5 21.
Nxh5 Qe6+ 22. Kd2 Ne5 23. f4 Nc6 24. Qxg7# 1-0

[Event "Tournoi francophone 005 Groupe F"]
[Site "Skype"]
[Date "????.??.??"]
[Round "4.4"]
[White "Ambrosino, Theo"]
[Black "Mimouni, Driss"]
[Result "1-0"]
[WhiteElo "1151"]
[BlackElo "1000"]
[PlyCount "37"]

1. e4 e5 2. Nf3 Nf6 3. Nc3 Nc6 4. Bc4 d6 5. Ng5 Be6 6. Bxe6 fxe6 7. Nxe6 Qe7 8.
Nxf8 Qxf8 9. d3 Ng4 10. Qxg4 Qe7 11. Nd5 h5 12. Qh3 Qf7 13. Bg5 Nb4 14. Nxb4
Rf8 15. O-O d5 16. Nxd5 c6 17. Nc7+ Qxc7 18. Qe6+ Qe7 19. Qxe7# 1-0

[Event "Tournoi francophone 005 Groupe F"]
[Site "Skype"]
[Date "????.??.??"]
[Round "4.5"]
[White "Bacha, Mehdi"]
[Black "Lecluyse, Koenraad"]
[Result "1-0"]
[WhiteElo "1030"]
[BlackElo "1208"]
[PlyCount "39"]

1. d4 d5 2. e3 Nf6 3. Bd3 e6 4. f4 c5 5. c3 c4 6. Bc2 Nc6 7. Nf3 Bd6 8. O-O O-O
9. Ne5 Bxe5 10. fxe5 Ne4 11. Nd2 Nxd2 12. Bxd2 f6 13. exf6 Rxf6 14. Rxf6 Qxf6
15. Qe2 e5 16. Rf1 Qe7 17. Qh5 Be6 18. Bxh7+ Kh8 19. Bg6+ Kg8 20. Qh7# 1-0

[Event "Tournoi francophone 005 Groupe F"]
[Site "Skype"]
[Date "????.??.??"]
[Round "4.6"]
[White "Schnell, Nicolas"]
[Black "Morin, Claude"]
[Result "0-1"]
[WhiteElo "1000"]
[BlackElo "1012"]
[PlyCount "68"]

1. e4 e5 2. Be2 d6 3. Bd3 Be6 4. h4 Nf6 5. f3 c6 6. Ne2 d5 7. Nbc3 Nbd7 8. g4
Nc5 9. Nf4 exf4 10. e5 Nfd7 11. Bf1 Nxe5 12. Rh3 d4 13. Nb1 d3 14. c3 Qd7 15.
b4 Na6 16. a3 Be7 17. h5 O-O-O 18. Bb2 Nc7 19. c4 Bxc4 20. Bxe5 f6 21. Bxf4
Qe6+ 22. Be3 Bb3 23. Qc1 Kb8 24. Nc3 Nd5 25. Nd1 Nxe3 26. Nxe3 Rd4 27. Qc3 Rf4
28. Bxd3 Rd8 29. Bc2 Bc4 30. d3 Qe5 31. d4 Rdxd4 32. Rd1 c5 33. b5 Bxb5 34. Qa5
Qxe3# 0-1

[Event "Tournoi francophone 005 Groupe F"]
[Site "Skype"]
[Date "????.??.??"]
[Round "5.1"]
[White "Morin, Claude"]
[Black "Martin, Elise"]
[Result "1-0"]
[WhiteElo "1012"]
[BlackElo "1038"]
[PlyCount "97"]

1. e4 e5 2. Nf3 Nc6 3. Bb5 d6 4. O-O Nf6 5. Re1 Be7 6. h3 O-O 7. Bd3 b6 8. c3
Bb7 9. Bc2 Nh5 10. d3 d5 11. Nh2 Bd6 12. Qxh5 h6 13. Ng4 dxe4 14. Nxh6+ gxh6
15. Qxh6 Re8 16. Rxe4 Bf8 17. Rg4+ Bg7 18. Rxg7+ Kf8 19. Rg3+ Ke7 20. Bg5+ Kd7
21. Bxd8 Kxd8 22. Qh4+ Ne7 23. Bb3 Bd5 24. Bxd5 Kc8 25. Bxf7 Rf8 26. Qxe7 Kb7
27. Re3 a5 28. Rxe5 Rac8 29. Nd2 Ka6 30. Nb3 Rh8 31. Bc4+ Kb7 32. Nxa5+ bxa5
33. Rxa5 Kb6 34. Rd5 Kb7 35. Rd8 Rhxd8 36. Qb4+ Kc6 37. d4 Rb8 38. Qa4+ Kb7 39.
Re1 Kc8 40. b4 Rf8 41. Be6+ Kd8 42. Re5 Ke7 43. Qd7+ Kf6 44. Rf5+ Kg6 45. Rxf8
Rxf8 46. Qxc7 Kf6 47. Bc4 Rg8 48. a4 Kg5 49. Bxg8 1-0

[Event "Tournoi francophone 005 Groupe F"]
[Site "Skype"]
[Date "????.??.??"]
[Round "5.2"]
[White "Lecluyse, Koenraad"]
[Black "Schnell, Nicolas"]
[Result "1-0"]
[WhiteElo "1208"]
[BlackElo "1000"]
[PlyCount "59"]

1. d4 Nf6 2. Nf3 c6 3. Bf4 Qa5+ 4. c3 Qf5 5. e3 d5 6. Bd3 Qh5 7. h3 Bg4 8. O-O
Be6 9. Bxb8 Rxb8 10. Be2 Rd8 11. Ne5 Qg5 12. Nd2 Bxh3 13. Bf3 e6 14. b4 Nh5 15.
Rb1 g6 16. b5 Bd6 17. bxc6 b6 18. c7 Bxc7 19. Qa4+ Rd7 20. Qxd7+ Kf8 21. Qxc7
Qf6 22. Qxa7 Kg7 23. Rxb6 Qg5 24. Rb7 Nf4 25. Nxf7 Ne2+ 26. Kh2 Bf5 27. Nxg5+
Kh6 28. Nf7+ Kg7 29. Nxh8+ Kxh8 30. Qb8# 1-0

[Event "Tournoi francophone 005 Groupe F"]
[Site "Skype"]
[Date "????.??.??"]
[Round "5.3"]
[White "Mimouni, Driss"]
[Black "Bacha, Mehdi"]
[Result "1-0"]
[WhiteElo "1000"]
[BlackElo "1030"]
[PlyCount "97"]

1. d4 Nf6 2. e3 e6 3. Nf3 Bb4+ 4. Bd2 d5 5. c3 Ba5 6. Bb5+ Bd7 7. Na3 a6 8. Bd3
Ne4 9. Bxe4 dxe4 10. Ne5 Bb5 11. c4 Bc6 12. c5 Bxd2+ 13. Qxd2 O-O 14. Nxc6 bxc6
15. Qc2 f5 16. O-O Nd7 17. Nc4 Ra7 18. Na5 Ra8 19. Nxc6 Qg5 20. f4 Qh5 21. b4
Nf6 22. h3 Qh4 23. a4 Nh5 24. Qf2 Qxf2+ 25. Rxf2 Ng3 26. Ne7+ Kh8 27. c6 Rf7
28. Kh2 Rxe7 29. Kxg3 Rf7 30. b5 a5 31. b6 cxb6 32. Rc1 Rc8 33. c7 Rff8 34. Rc6
h6 35. Rxe6 Rxc7 36. Rxb6 Ra7 37. d5 Rd8 38. d6 Kg8 39. Rc2 g5 40. fxg5 hxg5
41. d7 f4+ 42. exf4 gxf4+ 43. Kxf4 Raxd7 44. Kxe4 Re7+ 45. Kf3 Rf7+ 46. Kg3
Rg7+ 47. Kh2 Kh7 48. Rcc6 Rdg8 49. Rh6# 1-0

[Event "Tournoi francophone 005 Groupe F"]
[Site "Skype"]
[Date "????.??.??"]
[Round "5.4"]
[White "Talbot, Jean"]
[Black "Ambrosino, Theo"]
[Result "0-1"]
[WhiteElo "1073"]
[BlackElo "1151"]
[PlyCount "54"]

1. e4 e5 2. Nf3 Nc6 3. Nc3 Nf6 4. d3 Bc5 5. Be2 d5 6. exd5 Nxd5 7. Nxd5 Qxd5 8.
Be3 Nd4 9. Bxd4 Bxd4 10. c3 Bb6 11. c4 Qc5 12. O-O O-O 13. d4 exd4 14. Qxd4
Qxd4 15. Nxd4 Bxd4 16. Rfd1 Bxb2 17. Rab1 Ba3 18. Rb3 Bc5 19. Rd5 Bb6 20. c5
Be6 21. Re5 Bxb3 22. axb3 Rae8 23. f4 Bxc5+ 24. Rxc5 Rxe2 25. Rxc7 Rd8 26. Kf1
Ra2 27. Rxb7 Rd1# 0-1

[Event "Tournoi francophone 005 Groupe F"]
[Site "Skype"]
[Date "????.??.??"]
[Round "5.5"]
[White "Douichi, Mohammed"]
[Black "Gagnon, Sindy"]
[Result "1-0"]
[WhiteElo "1192"]
[BlackElo "1000"]
[PlyCount "107"]

1. e4 Nf6 2. Nc3 Nc6 3. d4 e6 4. e5 Be7 5. Nf3 h6 6. Bd3 O-O 7. O-O Na5 8. exf6
Bxf6 9. Be3 d5 10. b4 Nc4 11. Bxc4 dxc4 12. Na4 Qd6 13. c3 Bd8 14. Ne5 c6 15.
Nxc4 Qd5 16. Ne5 Bc7 17. c4 Qd6 18. c5 Qe7 19. Nf3 b5 20. Nc3 a5 21. Qb3 axb4
22. Qxb4 Bb7 23. Ne4 f6 24. Qb3 g5 25. Nd6 Ba6 26. Nf5 Qf7 27. Nxh6+ Kg7 28.
Nxf7 Kxf7 29. Qd3 g4 30. Qh7+ Ke8 31. Bh6 Rf7 32. Qh8+ Ke7 33. Qxa8 gxf3 34. g3
Rh7 35. Qxa6 Rxh6 36. Qxc6 Bd8 37. Qxf3 f5 38. Qf4 Rh5 39. Qd6+ Kf7 40. Qxd8 f4
41. Qd7+ Kf6 42. g4 Rg5 43. f3 e5 44. Qd6+ Kf7 45. dxe5 Rg6 46. Qd7+ Kf8 47.
Qf5+ Kg7 48. Qxf4 b4 49. Qxb4 Re6 50. Rae1 Kg6 51. Qb1+ Kg5 52. Qf5+ Kh4 53.
Qxe6 Kg5 54. Qf6# 1-0

[Event "Tournoi francophone 005 Groupe F"]
[Site "Skype"]
[Date "????.??.??"]
[Round "5.6"]
[White "Lequeux, Pierre"]
[Black "Scata, Laura"]
[Result "1-0"]
[WhiteElo "1180"]
[BlackElo "1058"]
[PlyCount "101"]

1. e4 e5 2. Nf3 Nf6 3. Nxe5 d6 4. Nf3 Nxe4 5. Qe2 Qe7 6. Nc3 Nxc3 7. bxc3 Qxe2+
8. Bxe2 Be7 9. h3 h6 10. O-O O-O 11. d4 Bf5 12. Bd3 Bxd3 13. cxd3 Nd7 14. Re1
Rfe8 15. Rb1 b6 16. a4 c5 17. Rb5 Rac8 18. Bd2 Bf6 19. Rxe8+ Rxe8 20. a5 a6 21.
Rb1 Rb8 22. Bf4 Be7 23. Re1 Re8 24. Bxd6 Kf8 25. Bc7 b5 26. d5 Nf6 27. Kf1 Nxd5
28. Be5 f6 29. Bg3 Nxc3 30. Re6 b4 31. Nd2 Rd8 32. Ne4 Rxd3 33. Nxc3 Rxc3 34.
Rxa6 Rc1+ 35. Ke2 b3 36. Rb6 Rc2+ 37. Kd1 b2 38. Kxc2 c4 39. Kxb2 f5 40. a6
Bf6+ 41. Kc2 Bd4 42. Bd6+ Ke8 43. Rb7 Kd8 44. Rxg7 Bxg7 45. a7 Kd7 46. Bb8 Kc8
47. a8=Q Bd4 48. Be5+ Kd7 49. Bxd4 Kd6 50. Kc3 Ke6 51. Kxc4 1-0